| 000 | 00434nam a22001577a 4500 | ||
|---|---|---|---|
| 005 | 20260225151213.0 | ||
| 008 | 260225b |||||||| |||| 00| 0 eng d | ||
| 020 | _a978-0-5217-8098-8 | ||
| 100 | _aMITCHELL, JOHN C. | ||
| 245 | _aCONCEPTS IN PROGRAMMING LANGUAGES | ||
| 260 |
_aNEW YORK _bCAMBRIDGE UNIVERSITY PRESS _c2004 |
||
| 300 | _aX , 529P. | ||
| 500 | _aINCLUDES INDEX | ||
| 650 | _aCOMPUTER PROGRAMMING | ||
| 942 |
_2lcc _cBK |
||
| 999 |
_c216665 _d216665 |
||